Loading...
| Arts - Music | 4 | 7.50 | 75% | 0% | 0% |
| Arts - Other Arts | 2 | 10.00 | 50% | 50% | 0% |
| Arts - Painting | 2 | 5.00 | 50% | 0% | 0% |
| History - American History | 1 | 0.00 | 0% | 0% | 0% |
| History - European | 1 | 10.00 | 100% | 0% | 0% |
| History - World History | 3 | 13.33 | 100% | 33% | 0% |
| Literature - American Lit | 3 | 13.33 | 100% | 33% | 0% |
| Literature - British Lit | 2 | 10.00 | 100% | 0% | 0% |
| Literature - European Lit | 1 | 10.00 | 100% | 0% | 0% |
| Literature - World Lit | 1 | 10.00 | 100% | 0% | 0% |
| Mythology | 3 | 16.67 | 100% | 67% | 0% |
| Other - Geo/CE | 4 | 15.00 | 100% | 25% | 25% |
| Other Academic | 1 | 0.00 | 0% | 0% | 0% |
| Pop Culture | 1 | 10.00 | 0% | 100% | 0% |
| Religion | 4 | 15.00 | 100% | 50% | 0% |
| Science - Biology | 2 | 0.00 | 0% | 0% | 0% |
| Science - Chemistry | 3 | 3.33 | 33% | 0% | 0% |
| Science - Other Science | 3 | 10.00 | 67% | 33% | 0% |
| Thought - Philosophy | 2 | 10.00 | 100% | 0% | 0% |
| Thought - Social Science | 2 | 10.00 | 100% | 0% | 0% |